000 00958nam a22002297a 4500
003 BD-DhJNU
005 20260128035641.0
008 260128b |||||||| |||| 00| 0 eng d
020 _a8124705550
040 _aBD-DhJNU
_bENG
_cBD-DhJNU
_dBD-DhJNU
082 _223
_a801.93 NNT
100 _aনন্দী, সুধীর কুমার
242 _aCroce's Aesthetics /
_cSudhir Kumar Nandi
245 _aক্রোচের নন্দনতত্ত্ব /
_cসুধীর কুমার নন্দী
246 _aKrocer nndntottw
260 _aকলিকাতা :
_bপশ্চিমবঙ্গ রাজ্য পুস্তক পর্ষৎ,
_c2006.
300 _a৫৬৩ পৃ. :
_bচিত্র ;
_c২২ সেমি.।
504 _aগ্রন্থপঞ্জি ও ণির্ঘন্ট সংযুক্ত
650 _aনন্দনতত্ব
650 _aAesthetics
942 _2ddc
_cBK
_n0
999 _c2580
_d2580